000 00268nam a22001217a 4500
008 181101b xxu||||| |||| 00| 0 eng d
041 _aeng
080 _a159
100 _a48
101 _aPSI
245 _aPhusiology Of Respiration
_cComroe.J.H
942 _2udc
_cBK
999 _c51433
_d51433